Educación matemática: 7º año básico, texto para el estudiante

Guardat en:
Dades bibliogràfiques
Autors principals: Cofré Jorquera, Alicia (Autor), Russell C., Alicia (Autor)
Format: Llibre
Idioma:espanyol
Publicat: Santiago McGraw-Hill Interamericana 2003
Matèries:
Etiquetes: Afegir etiqueta
Sense etiquetes, Sigues el primer a etiquetar aquest registre!

MARC

LEADER 00000nam a2200000 a 4500
001 UCM8646
003 CL-VaPUC
008 030321e20030000CL |||||||||||||||||spa|d
082 0 4 |a 372.7  |b COF  |2 21 
100 0 |a Cofré Jorquera, Alicia  |e author  |9 474753 
700 0 |a Russell C., Alicia  |e author  |9 474754 
245 1 0 |a Educación matemática: 7º año básico, texto para el estudiante 
300 |a 192 p 
942 |c BK 
945 |d 20030321 00:00:00  |a cmena 
260 |a Santiago  |b McGraw-Hill Interamericana  |c 2003 
650 0 |a Matemática  |9 260235 
650 0 |a Educación básica   |9 224933 
650 0 |a Matemáticas  |x Enseñanza  |9 875527 
650 0 |a Métodos de enseñanza  |9 270413 
583 |a last modification  |c 20170816 01:00:04  |k Rodrigo Vera 
999 |c 303104  |d 303102 
952 |0 0  |1 0  |4 0  |6 372_700000000000000_COF_2003  |7 0  |8 P  |9 364159  |a BIBEDU  |b BIBEDU  |d 2019-11-21  |i 3885518  |o 372.7 COF 2003  |p 3885518  |r 2019-11-21  |w 2019-11-21  |y BK  |k EPE 
952 |0 0  |1 0  |4 0  |6 372_700000000000000_COF_2003  |7 0  |8 A  |9 364164  |a BIBMAT  |b BIBMAT  |c E_DIDACT  |d 2019-11-21  |i 4182367  |o 372.7 COF 2003  |p 4182367  |r 2025-01-07  |w 2019-11-21  |y BK  |k MAT 
952 |0 0  |1 0  |4 0  |6 372_700000000000000_COF_2003  |7 0  |8 A  |9 364167  |a BIBMAT  |b BIBMAT  |c E_DIDACT  |d 2019-11-21  |i 4182391  |o 372.7 COF 2003  |p 4182391  |r 2025-01-07  |w 2019-11-21  |y BK  |k MAT